000 00526nam a2200181Ia 4500
008 240729s9999 xx 000 0 und d
022 _a1678-8060
245 0 _aMemorias do Instituto Oswaldo Cruz
260 _aBrazil
260 _bFundação Oswaldo Cruz (FIOCRUZ)
650 _a Infectious and parasitic diseases
650 _a Internal medicine
650 _a Microbiology | Medicine
650 _aScience
856 _uhttps://doaj.org/toc/4dbe241eb2b849189c1594e05f4e5679
942 _2ddc
942 _cDOAJEJ
999 _c68651
_d68651
945 _a1
_bMadushi Gamage
_c1
_dMadushi Gamage